000 01059cam a2200301 a 4500
001 4001885
003 ARRUPE
005 20220506094624.0
008 970801s1997 txua b 001 0 eng
010 _a 96084460
020 _a0030192692
040 _aDLC
_cDLC
_dDLC
050 0 0 _aHB171.5
_b.G96 1997
082 0 0 _a330
_221
245 0 0 _aEconomics :
_bprivate and public choice /
_cJames D. Gwartney ... [et al.].
250 _a8th ed.
260 _aFort Worth :
_bDryden Press,
_cc1997.
300 _axxx, 1048 p. :
_bill. (some col.) ;
_c27 cm.
440 4 _aThe Dryden Press series in economics
_951481
500 _aRev. ed. of: Economics / James D. Gwartney. 7th ed. 1995.
504 _aIncludes bibliographical references and index.
650 0 _aEconomics.
700 1 _aGwartney, James D.
_tEconomics.
_951482
856 7 _3Table of contents
_uhttp://lcweb.loc.gov/catdir/toc/96-84460.html
_2http
906 _a7
_bcbc
_corignew
_d2
_eopcn
_f19
_gy-gencatlg
942 _2lcc
_cMONOGRAPH
999 _c131375
_d131375